000 02371nam0a2200421 4500
001 RU\NLR\BIBL_A\012543582
005 20220204125259.0
010 _a978-5-7477-5247-4
_9150
021 _aRU
_bКН-П-21-005689
_9КН-П-21-0437
035 _a(NLR Aleph) 012543582
035 _a(RuMoRGB)010564911
090 _a12407700
_c12407700
100 _a20210610d2020 k y0rusy50 ca
101 0 _abak
_arus
102 _aRU
105 _ay|||z|||000zy
181 0 _ai4
_bab2e
182 0 _an
200 1 _aФормирование единой базы нематериального наследия башкирского народа
_eсборник фольклорных материалов
_fАкадемия наук Республики Башкортостан, Министерство науки и высшего образования РФ, Башкирский государственный университет, Кафедра башкирской литературы, фольклора и культуры
_gавторы-составители: д-р филол. наук, профессор, член-корреспондент АН РБ Г. С. Кунафин [и др.]
_gнаучный редактор: канд. филол. наук, доцент А.О. Хужахметов
203 _aТекст
_bвизуальный
_cнепосредственный
210 _aУфа
_cРИЦ БашГУ
_d2020
215 _a337, [1] с.
_d21
300 _aТекст на башкир. и рус. яз.
320 _aБиблиогр. в конце ст.
606 1 _aБашкирский фольклор
_jСборники
_9973041
_3RU\NLR\AUTH\6646408
686 1 _aТ52(235=Б)-7я43
686 1 _aШ3(235=Баш)-6я43
702 1 _4220
_7ca
_8rus
_aКунафин
_bГ. С.
_f1946-
_gГиниятулла Сафиуллович
_9113282
_3RU\NLR\AUTH\773277
702 1 _aХужахметов
_bА. О.
_gАйнур Оскарович
_4340
712 0 2 _4475
_aБашкирский государственный университет
_cУфа
_9338932
_3RU\NLR\AUTH\889921405
852 _aNLR
_bОНЛ
_jБашк.-16458
942 _cBOOK
980 _aNBR
980 _aNB